zpět

Detail výsledku týmu

Organza, Liberec

Datum a čas kvízu

30 Celkem bodů Celkový počet nahraných bodů na tomto kvízu bez doplňovacích otázek.
3. Pořadí na kvízu Konečné umístění týmu na tomto kvízu.

Zaznamenané odpovědi

# Otázka Odpověď Body Výsledky
1. Do aplikace eRecept přibyla od... ověření dostupnosti předepsaného léku 1
2. Kolumbijský parlament odhlasov... D) býčích zápasů 0
3. Ve čtvrtek měl v kinech premié... Princezna na hrášku 0
4. Kvůli nařízení Evropské unie t... Alfa Romeo 1
5. Minulý týden se dostala do méd... David Limberský 0
6. Kterým výrazem na písmeno M se... mixologie 0
7. Ernest Hemingway měl údajně v... Daiquiri 0
8. Oblíbenou složkou míchaných ná... pomeranči 0
9. Hlavní hrdina filmu Big Lebows... White Russian (Bílý Rus, Bílý medvěd) 1
10. V poslední otázce se podíváme... Semafor 1